Normal view
MARC view
- Lynn, Adele B.
Entry Personal Name
001 - CONTROL NUMBER
- control field: 12493
003 - CONTROL NUMBER IDENTIFIER
- control field: NUST
005 - DATE AND TIME OF LATEST TRANSACTION
- control field: 20181031043042.0
008 - FIXED-LENGTH DATA ELEMENTS
- fixed length control field: 181031|| aca||aabn | a|a d
040 ## - CATALOGING SOURCE
- Original cataloging agency: NUST
- Transcribing agency: NUST
100 ## - HEADING--PERSONAL NAME
- Personal name: Lynn, Adele B.
- Title of a work: 50 activities for developing emotional intelligence.
670 ## - SOURCE DATA FOUND
- Source citation: Work cat.: (NUST)0: Lynn, Adele B. 12490, The emotional intelligence activity book :, 2002.
